| 000 | 00688nam a2200217Ia 4500 | ||
|---|---|---|---|
| 999 |
_c28491 _d28491 |
||
| 003 | GCL | ||
| 005 | 20240530101904.0 | ||
| 008 | 140319s9999 xx 000 0 ara d | ||
| 040 |
_aGCL / _cGCL |
||
| 082 | 0 | 4 |
_a070.41 \ _bع ف |
| 100 | 1 | _aعبدالعزيز شرف | |
| 245 | 1 | 0 |
_aفن المقال الصحفى فى ادب طه حسين / _cعبدالعزيز شرف |
| 260 |
_a[S.N] : _bالهيئة المصرية العامة للكتاب ، _c1986 |
||
| 300 | _a427 ص. | ||
| 650 | 0 | 4 | _aالادب العربى |
| 650 | 0 | 4 | _aالمقامات العربية |
| 650 | 0 | 4 | _aالصحافة العربية |
| 650 | 0 | 4 | _aتحرير |
| 650 | 0 | 4 | _aالمقالة |
| 942 |
_2ddc _cBK |
||